Security in Computer and Information Sciences (Record no. 9739)

MARC details
000 -LEADER
fixed length control field 00747nam a2200121Ia 4500
008 - FIXED-LENGTH DATA ELEMENTS--GENERAL INFORMATION
fixed length control field 220615s9999||||xx |||||||||||||| ||und||
245 #0 - TITLE STATEMENT
Title Security in Computer and Information Sciences
Remainder of title First International ISCIS Security Workshop 2018, Euro-CYBERSEC 2018, London, UK, February 26-27, 2018, Revised Selected Papers
546 ## - LANGUAGE NOTE
Language note English[eng]
650 ## - SUBJECT ADDED ENTRY--TOPICAL TERM
Topical term or geographic name entry element Computer science||Data protection||Application software||Data encryption (Computer science)||Special purpose computers||Computer communication systems
700 ## - ADDED ENTRY--PERSONAL NAME
Personal name Gelenbe, Erol||Campegiani, Paolo||Czachórski, Tadeusz||Katsikas, Sokratis K.||Komnios, Ioannis||Romano, Luigi||Tzovaras, Dimitrios
856 ## - ELECTRONIC LOCATION AND ACCESS
Uniform Resource Identifier <a href="https://library.oapen.org/bitstream/20.500.12657/23295/1/1006860.pdf">https://library.oapen.org/bitstream/20.500.12657/23295/1/1006860.pdf</a>
942 ## - ADDED ENTRY ELEMENTS (KOHA)
Koha item type E-Books
Holdings
Withdrawn status Lost status Damaged status Not for loan Home library Current library Date acquired Total Checkouts Date last seen Price effective from Koha item type
        Kerala University of Digital Sciences, Innovation and Technology Knowledge Centre Kerala University of Digital Sciences, Innovation and Technology Knowledge Centre 15/06/2022   15/06/2022 15/06/2022 E-Books